Statystyki dla Znane marki kawy, które lubią Polacy

Kliknij tutaj aby rozwiązać quiz!

Ogólne statystyki

  • Ten quiz został rozwiązany 263 razy
    (81 od ostatniego zresetowania)
  • Średni wynik to 5 z 19

Statystyki odpowiedzi

Marki Kaw w Polsce% Poprawnych
Jacobs
85%
Tchibo
78%
Prima
59%
Nescafe
52%
Inka
46%
Lavazza
37%
Starbucks
26%
MK Cafe
24%
Woseba
24%
Pedros
22%
Dallmayr
19%
Fort
13%
Costa Coffe
7%
GBS
7%
Kimbo
4%
Zbożowa
4%
Bazzara
2%
Dzik
2%
Illy
0%

Rozkład punktacji

Percentyl według liczby udzielonych odpowiedzi

Procent ludzi z każdym wynikiem

Twoja historia wyników

Nie rozwiązałeś tego quizu od ostatniego zresetowania